1534 1868 1634 1721 1205 1508 1778 1019 1156 1458 1541 1288 1746 1687 1209 1102 1642 1538 1840 1117 1938 1865 1560 1908 1417 1102 1759 1635 1328 1135 1874 1280 1208 1791 1077 1092 1534 1731 1841 1811 1003 1214 1303 1266 1170 1168 1640 1559 1267 1896 1257 1360 1945 1885 1729 1042 1608 1494 1106 1543 1162 1320 1159 1650 1229 1771 1535 1277 1222 1265 1858 1683 1564 1376 1938 1947 1630 1902 1146 1216 1098 1863 1118 1112 1302 1290 1685 1625 1150 1920 1921 1187 1133 1340 1641 1657 1544 1372 1660 BCNSPRNW ULIB Ver.6.0+V

เปลี่ยนเป็นภาษาไทย

Change to English
 แสดงรายละเอียดบรรณานุกรม
  กลับหน้าหลัก

Brief Record : Get Marc (ISO 2709) : E-mail record : QR code < ปิดหน้าต่าง
LEADER : 00000nam 2200000uu 4500
001    13399125896
003     ULIB
008    170925s2556||||th 000 0 tha d
020    ^a9786165381567
050  4 ^aLB1060^bส291ก
100 0  ^aศศิธร เวียงวะลัย
245 10 ^aการจัดการเรียนรู้ Learning Management /^cศศิธร เวียงวะลัย
260    ^aกรุงเทพฯ :^bโอเดียนสโตร์,^c2556
300    ^a262 หน้า
500    ^aชื่อเรื่องจากปกนอก
650  4 ^aการเรียนรู้^xการจัดการ
650  4 ^aกิจกรรมการเรียนการสอน
945    ^p0^l0^i003351
945    ^p0^l0^i003352
999    ^aประนอม เกษจรัล
รายการนี้ยังไม่มีแท็ก
คุณยังไม่ได้ล็อกอิน คุณสามารถมีกิจกรรมร่วมกับเว็บไซต์ได้ แต่ต้องล็อกอินก่อน ::
  ล็อกอิน

รายการสื่อสารสนเทศ

ลำดับที่ ประเภท เลขเรียก/บาร์โค้ด สถานที่ สถานะ
1. วิทยาศาสตร์การแพทย์ และสุขภาพ
วิทยาศาสตร์การแพทย์ และสุขภาพ
สถานะ=หาย
LB1060 ส291ก ฉ.1 
  Barcode: 003351
ห้องสมุดวิทยาเขตนครสวรรค์
►นวนิยาย:l:Fiction
บนชั้น
2. วิทยาศาสตร์การแพทย์ และสุขภาพ
วิทยาศาสตร์การแพทย์ และสุขภาพ
LB1060 ส291ก ฉ.2 
  Barcode: 003352
ห้องสมุดวิทยาเขตนครสวรรค์
►นวนิยาย:l:Fiction
บนชั้น

รายการใกล้เคียง
    ผู้แต่ง [ศศิธร เวียงวะลัย]

    หัวเรื่อง [กิจกรรมการเรียนการสอน]

BibComment


ยังไม่เคยถูกคอมเมนท์

คอมเมนท์ทรัพยากรรายการนี้
  คอมเมนท์: การจัดการเรียนรู..


 Copyright 2026. Bcnsprnw @Library